Loading...
| Any History | 8 | 11.25 | 100% | 13% | 0% |
| Current Events | 3 | 16.67 | 100% | 33% | 33% |
| Fine Arts - Classical Music | 5 | 12.00 | 80% | 40% | 0% |
| Fine Arts - Other Fine Arts | 12 | 18.33 | 92% | 58% | 33% |
| Geography | 3 | 16.67 | 100% | 67% | 0% |
| History - American History | 8 | 13.75 | 88% | 38% | 13% |
| History - European History | 6 | 15.00 | 100% | 33% | 17% |
| History - World History | 10 | 13.00 | 100% | 30% | 0% |
| Literature - American Literature | 7 | 12.86 | 86% | 29% | 14% |
| Literature - British Literature | 13 | 12.31 | 92% | 31% | 0% |
| Literature - European Literature | 8 | 11.25 | 100% | 13% | 0% |
| Literature - World Literature | 4 | 7.50 | 75% | 0% | 0% |
| Mythology | 3 | 13.33 | 100% | 0% | 33% |
| Other Academic | 3 | 16.67 | 100% | 67% | 0% |
| Painting & Sculpture | 6 | 13.33 | 100% | 33% | 0% |
| Philosophy | 5 | 18.00 | 100% | 60% | 20% |
| Religion | 7 | 14.29 | 100% | 43% | 0% |
| Science - Biology | 6 | 11.67 | 100% | 17% | 0% |
| Science - Chemistry | 11 | 9.09 | 73% | 18% | 0% |
| Science - Other Science | 7 | 14.29 | 86% | 57% | 0% |
| Science - Physics | 7 | 15.71 | 100% | 43% | 14% |
| Social Science | 10 | 15.00 | 100% | 50% | 0% |